Daylight and public health (Record no. 106510)

MARC details
000 -LEADER
fixed length control field 00638cam a2200193 4500
001 - CONTROL NUMBER
control field L136809
008 - FIXED-LENGTH DATA ELEMENTS--GENERAL INFORMATION
fixed length control field 070220n1928 000 0 eng u
035 ## - SYSTEM CONTROL NUMBER
System control number (Sirsi) u136809
041 0# - LANGUAGE CODE
Language code of text/sound track or separate title eng
050 04 - LIBRARY OF CONGRESS CALL NUMBER
Classification number 729.28 $2 18
100 1# - MAIN ENTRY--PERSONAL NAME
Personal name Waldram, Percy J.
245 04 - TITLE STATEMENT
Title Daylight and public health
260 ## - PUBLICATION, DISTRIBUTION, ETC.
Place of publication, distribution, etc. [S.l.]
Name of publisher, distributor, etc. [s.n.]
Date of publication, distribution, etc. 1928
300 ## - PHYSICAL DESCRIPTION
Extent 17p.
Dimensions 23cm.
520 ## - SUMMARY, ETC.
Summary, etc. Paper read before the seventh meeting of the International Commission on Illumination 22-28 September 1928
651 #4 - SUBJECT ADDED ENTRY--GEOGRAPHIC NAME
Geographic name International
690 ## - LOCAL SUBJECT ADDED ENTRY--TOPICAL TERM (OCLC, RLIN)
Topical term or geographic name as entry element BUILT ENVIRONMENT-BUILDING ELEMENTS-COMPLETE BUILDING SERVICES ELEMENTS-COMPLETE LIGHTING SYSTEMS
942 ## - ADDED ENTRY ELEMENTS (KOHA)
Suppress in OPAC 0

No items available.